|
|
|
|
| LEADER |
00894nam a22002297i 4500 |
| 001 |
10050309 |
| 003 |
GR-PaULI |
| 005 |
20210117210439.0 |
| 008 |
170912s1995 fr g db 0 fre d |
| 020 |
|
|
|a 22213593221
|
| 040 |
|
|
|a GR-PaULI
|b gre
|c GR-PaULI
|e AACR2
|
| 082 |
0 |
4 |
|a 903
|2 23
|
| 100 |
1 |
|
|a Vallaud Dominique.
|9 164019
|e συγγραφέας
|
| 245 |
1 |
0 |
|a Dictionnaire historique /
|c par Pierre Bayle
|
| 260 |
|
|
|a [Paris] :
|b Fayard,
|c 1995.
|
| 300 |
|
|
|a 1016 σ. :
|b χαρτ. ;
|c 20 εκ.
|
| 504 |
|
|
|6 Περιλαμβάνει βιβλιογραφία.
|
| 650 |
|
4 |
|9 164021
|a Ιστορία
|x Εγκυκλοπαίδειες και λεξικά.
|
| 942 |
|
|
|2 ddc
|c BKN
|
| 952 |
|
|
|0 0
|1 0
|2 ddc
|4 0
|6 R_903_000000000000000_VAL
|7 0
|9 214907
|a THST
|b THST
|d 2017-09-12
|i 011821
|l 0
|o R 903 VAL
|p 025000010824
|r 2017-09-12 00:00:00
|t 1
|v 2017.00
|w 2017-09-12
|y BKN
|
| 998 |
|
|
|c ΜΑΝΙΑ
|d 2017-09
|
| 999 |
|
|
|c 130575
|d 130575
|